| 000 | nam a22 7a 4500 | ||
|---|---|---|---|
| 999 |
_c126706 _d126706 |
||
| 008 | 170821b xxu||||| |||| 00| 0 eng d | ||
| 050 |
_aPR9369.3 _b.P36 F7 |
||
| 100 |
_aPatel, Essop _923703 |
||
| 245 |
_aFragments in the Sun: _bpoems and performance text _c/ drawings by Clifford Charles; performance by Essop Patel, Bhekizizwe Peterson and Benjy Francis |
||
| 260 |
_aJohannesburg _bAfrika Cultural Centre _c2000 |
||
| 300 |
_a89p. _c21cm. |
||
| 700 |
_aCharles, Clifford _934926 |
||
| 942 |
_2lcc _cMONOGRAPH |
||